| 000 | 01853nam a2200241 a 4500 | ||
|---|---|---|---|
| 001 | BRCA_8659 | ||
| 005 | 20190320210347.0 | ||
| 008 | 271016s2008----mx-a######---#000-0#spa-# | ||
| 041 | _aspa | ||
| 044 | _asp | ||
| 084 |
_aBE38 _b.M37 1772 |
||
| 100 | 1 |
_aMartínez, Manuel Silvestre _921602 |
|
| 245 | 1 | 0 |
_aLibrería de jueces _butilísima, y universal para todos los que desean imponerse en la Jurisprudencia Práctica, Derecho Real de España, y Reales Resoluciones mas modernas de rigorosa observancia: y en especial para Abogados, Alcaldes, Corregidores, Intendentes, Prelados Regulares, Jueces Eclesiasticos: Parrocos, Regidores, Escribanos: Diputados, y Personeros. |
| 260 |
_aMadrid _bEn la Imprenta de Blas Romàn _c1772 |
||
| 300 |
_a[24], 413p. (t.7) _c21 x 15 cm. |
||
| 500 | _aEn portada: En que se hace UNIVERSAL EXPOSICION decisiva de todas las Leyes, y Autos Acordados de los Libros IV. V. y VI. de la Recopilacion Novisima, y de los 78. titulos de que se componen, por el orden metódico de la impresion del año de 1745. Y asimismo de las posteriores Reales Resoluciones, Cedulas, Ordenanzas, Provisiones, Leyes, y Pragmaticas no Recopiladas, que declaran, derogan, ò renuevan las antiguas Disposiciones, ó dan otras nuevas Reglas, y se colocan las mas à la letras en el lugar, y Titulos á que corresponden, segun los tiempos de su promulgacion; con que se demuestran las variaciones que ha havido desde la primitiva impresion del año de 1567. hasta el presente de 1772 | ||
| 500 | _aEn portada: Dedicado al EXCMO. SR. CONDE de ARANDA | ||
| 500 | _aEstado físico: presenta guardas y algunas hojas manchadas, y cintas rotas | ||
| 500 | _aLibro en sala de exhibiciones artes decorativas 1, dentro del Museo Franz Mayer | ||
| 650 | 1 | 4 |
_aDerecho civil _yObras anteriores a 1800 _zEspaña _921603 |
| 902 | _aCFM | ||
| 942 |
_2lcc _cB |
||
| 999 |
_c8318 _d8318 |
||